01001 2200313 4500001002100000005001500021035002000036007000300056008004100059020002200100040002200122082001700144084001900161100002600180245011600206250002000322300006600342650003700408700001900445700003300464700003600497850001200533264002800545336002100573337003000594338002300624990002000647990002000667INLIS00000000085363520191209023813 a0010-1219000321ta191209s2014 jtia g ind d a978-602-9212-71-6 aYOPDYOGbinderda04223a613.0432 a613.0432 SON a0 aSony Prabowoepenulis10aApa kata dokter? /cpenulis, Sony Prabowo, Salma; penyunting, Ferrial Pondrafi; ilustrator, Wetrika Anggunmesti aCetakan pertama axiii, 210 halaman :bilustrasi, foto berwarna, tabel ;c19 cm 4aAnak--xKesehatan dan kebersihan0 aSalmaepenulis0 aFerrial Pondrafiepenyunting0 aWetrika Anggunmestieilustrator aYOPDYOG 1aSolo :bMetagraf,c2014 2rdacontentateks 2rdamediaatanpa perantara 2rdacarrieravolume a65518-PD/A.2019 a65519-PD/A.2019